Haven's end /

Bibliographic Details
Main Author: Marquand, John P. (John Phillips), 1893-1960
Format: Book
Language:English
Published: Boston : Little, Brown, and company, [1933]

MARC

Tag First Indicator Second Indicator Subfields
LEADER 00000cam a2200000 i 4500
001 in00000736331
005 20151016072909.0
008 790530s1933 maua 00011 eng
010 |a  33027263  
035 |a (OCoLC)05018463 
035 |9 ADE7632AM 
040 |a DLC  |c IRU  |d TXA  |d UtOrBLW 
049 |a TXAM  |c [183792] 
050 0 0 |a PZ3.M34466  |b Hav 
090 |a PS3525.A6695  |b H28 1933 
092 |a 813  |b M357ha 
100 1 |a Marquand, John P.  |q (John Phillips),  |d 1893-1960. 
245 1 0 |a Haven's end /  |c [by] John P. Marquand. 
264 1 |a Boston :  |b Little, Brown, and company,  |c [1933] 
264 4 |c ©1933 
300 |a 4 pages ., [3]-341 pages :  |b illustrations ;  |c 22 cm. 
336 |a text  |b txt  |2 rdacontent 
337 |a unmediated  |b n  |2 rdamedia 
338 |a volume  |b nc  |2 rdacarrier 
500 |a "The illustrations were made by Robert Lawson." 
500 |a "Reissued August 1950"--Title page verso. 
999 |a MARS 
999 f f |s 70112656-4991-3e8d-9cad-9a024fbb9885  |i 3ffdf5fb-64d1-3ffe-8e66-10021bfee8db  |t 0 
952 f f |p ric  |a Texas A&M University  |b Rellis Campus  |c Joint Library Facility  |d Remote Storage  |t 0  |e PS3525.A6695 H28 1933  |h Library of Congress classification  |i unmediated -- volume  |m A14801245294 
998 f f |a PS3525.A6695 H28 1933  |t 0  |l Remote Storage